01884nam a22003137a 4500003000400000005001700004008004100021040002200062082001500084110002800099245001400127260006200141300001800203366000800221490002300229505048500252505001000737505039400747505001501141650004101156650004401197650004701241650004801288650004701336650004701383650004601430650004901476651004501525OSt20230525100935.0221006b |||||||| |||| 00| 0 eng d cBiblioteca Lado V a700bG599c aGoethe-InstituteEditor aHumboldt/ bSDV Saarbrucker Druckerei und Verlag GmbHc2002aAlemania c21x28cma80p. espa a137v44x0018-7615 aMemoriagLa gramática de la memoria colectiva Mas allá de la voz, mas allá del mito La memoria como practica social y forma de resistencia Los cuentos del Abuelo Leonel El recuerdo selecciona Fin de una amnesia selectiva Preservar de la desaparición Proyectos de vida, fracturas de los tiempos Kitsch nostálgico o recuperación de un patrimonio cultural destruido Autodafe Ya lo has visto? Memento Mori La muerte, un tema central en el arte popular mexicano aNotas aMiscelaneagMexico 2010 O triste Fim de Policarpo Quaresma El arte puede favorecer la legibilidad del mundo Los descubiertos descubren a los descubridores Patria Portatil El realismo literario no es una mala copia de la realidad, sino su interpretacion Se preso!, Se judio!, Se gitano!, Se homosexual!, Se minusvalido mental! Zonas de baja presion determinan el clima de la region  aNoticiario 2Tesauro de Arte & ArquitecturaaARTE 2Tesauro de Arte & ArquitecturaaPINTURA 2Tesauro de Arte & ArquitecturaaFOTOGRAFIA 2Tesauro de Arte & ArquitecturaaENTREVISTAS 2Tesauro de Arte & ArquitecturaaMISCELANEA 2Tesauro de Arte & ArquitecturaaREPORTAJES 2Tesauro de Arte & ArquitecturaaESPAÑOL 2Tesauro de Arte & ArquitecturaaARTE EUROPEO 2Tesauro de Arte & ArquitecturaaALEMANIA